[Event "2BLO 2223 SC Garching - Nickelhuette Au"]
[Site "Augsburg"]
[Date "2022.10.22"]
[Round "1.3"]
[White "Slobodjan, Roman"]
[Black "Koepke, Christian"]
[Result "1-0"]
[WhiteElo "2442"]
[BlackElo "2304"]
[PlyCount "79"]
[EventDate "2022.??.??"]

1. e4 c5 2. Nf3 d6 3. d4 cxd4 4. Nxd4 Nf6 5. Nc3 g6 6. f3 Bg7 7. Be3 Nc6 8. Qd2 O-O 9. g4 Be6 10. Nxe6 fxe6 11. O-O-O Ne5 12. Be2 Qc8 13. h4 Nfd7 14. f4 Nc4 15. Bxc4 Qxc4 16. e5 Rad8 17. exd6 Nf6 18. Qg2 Rxd6 19. Rxd6 exd6 20. Rd1 d5 21. Kb1 Ne8 22. Ne2 Nd6 23. Bd4 Bxd4 24. Rxd4 Qc5 25. Rd3 Ne4 26. a3 Qf2 27. Qxf2 Nxf2 28. Rg3 Kf7 29. f5 Ne4 30. fxg6+ Kxg6 31. Re3 Rf2 32. Nd4 Kf6 33. g5+ Ke5 34. c3 Rf1+ 35. Ka2 Rh1 36. Re2 a6 37. Rg2 Nc5 38. g6 hxg6 39. Rxg6 Rxh4 40. Nf3+ 1-0

[Event "2BLO 2223 SC Garching - Nickelhuette Au"]
[Site "Augsburg"]
[Date "2022.10.22"]
[Round "1.4"]
[White "Rusche, Johannes"]
[Black "Langrock, Hannes"]
[Result "1/2-1/2"]
[WhiteElo "2307"]
[BlackElo "2358"]
[PlyCount "91"]
[EventDate "2022.??.??"]

1. e4 c5 2. c3 Nf6 3. e5 Nd5 4. Bc4 e6 5. Nf3 d6 6. d4 cxd4 7. cxd4 Be7 8. O-O O-O 9. Re1 Nc6 10. exd6 Qxd6 11. Nc3 Rd8 12. Bb3 Nf6 13. Nb5 Qb4 14. a4 Qa5 15. Bf4 Ne8 16. Rc1 a6 17. Nc3 Nf6 18. Bc2 Bd7 19. Ne5 Be8 20. Nc4 Qh5 21. Nb6 Ra7 22. d5 Qh4 23. Bg3 Qb4 24. Bc7 Nd4 25. d6 Rxd6 26. Bxd6 Bxd6 27. Nc8 Bb8 28. Nxa7 Bxa7 29. Ne4 Nd5 30. Bb1 Bc6 31. Qh5 h6 32. Qe5 Qxb2 33. Kh1 Qb4 34. Rcd1 Bxa4 35. Qd6 Qxd6 36. Nxd6 Bxd1 37. Rxd1 Nc3 38. Re1 b5 39. Bd3 Bc5 40. Rc1 Bxd6 41. Rxc3 a5 42. Rc8+ Bf8 43. Rd8 Nc6 44. Rc8 Nd4 45. Rd8 Nc6 46. Rc8 1/2-1/2

[Event "2BLO 2223 SC Garching - Nickelhuette Au"]
[Site "Augsburg"]
[Date "2022.10.22"]
[Round "1.5"]
[White "Spiess, Gunter"]
[Black "Bredl, Harald"]
[Result "1/2-1/2"]
[WhiteElo "2386"]
[BlackElo "2306"]
[PlyCount "31"]
[EventDate "2022.??.??"]

1. d4 d5 2. c4 e6 3. Nf3 dxc4 4. e4 b5 5. a4 c6 6. b3 Bb4+ 7. Bd2 Bxd2+ 8. Qxd2 Nf6 9. axb5 cxb3 10. e5 Nd5 11. Ra3 Bd7 12. bxc6 Nxc6 13. Rxb3 Rb8 14. Rxb8 Qxb8 15. Bd3 Ncb4 16. O-O 1/2-1/2

[Event "2BLO 2223 SC Garching - Nickelhuette Au"]
[Site "Augsburg"]
[Date "2022.10.22"]
[Round "1.6"]
[White "Koepke, Elena"]
[Black "Wichmann, Cliff"]
[Result "1/2-1/2"]
[WhiteElo "2249"]
[BlackElo "2310"]
[PlyCount "150"]
[EventDate "2022.??.??"]

1. e4 e6 2. d4 d5 3. Nd2 Nf6 4. e5 Nfd7 5. Bd3 c5 6. c3 Nc6 7. Ne2 cxd4 8. cxd4 f6 9. exf6 Nxf6 10. Nf3 Bd6 11. O-O O-O 12. Bf4 Bxf4 13. Nxf4 Ng4 14. Qd2 Qf6 15. Nh5 Qh6 16. Qxh6 Nxh6 17. Rfe1 Rxf3 18. gxf3 Nxd4 19. Kg2 Bd7 20. Rad1 Nhf5 21. Bxf5 Nxf5 22. Nf4 Nh4+ 23. Kg3 Nf5+ 24. Kg2 Nh4+ 25. Kg3 Nf5+ 26. Kh3 d4 27. Re5 Rc8 28. Ne2 Bc6 29. Rd3 Bd5 30. Nxd4 Nxd4 31. Rxd4 Rc2 32. Kg3 Rxb2 33. a3 a5 34. Ra4 b6 35. Re3 Kf7 36. Rc3 g5 37. f4 g4 38. Kxg4 Rxf2 39. h3 Kf6 40. Rd4 b5 41. Rc5 Rb2 42. Rdxd5 exd5 43. Rxd5 Rg2+ 44. Kf3 Rb2 45. a4 bxa4 46. Rxa5 Ra2 47. Kg4 a3 48. Ra6+ Kg7 49. Kf5 Ra1 50. Ra7+ Kh6 51. Kf6 Rf1 52. f5 Rf3 53. h4 Rb3 54. Kf7 a2 55. Ra6+ Kh5 56. Rxa2 Kxh4 57. f6 Kg3 58. Ra5 Kg4 59. Kg7 h5 60. Kg6 h4 61. Rg5+ Kf3 62. Rf5+ Kg2 63. f7 Rb8 64. Rg5+ Kf3 65. Rf5+ Kg3 66. Rg5+ Kf3 67. Rf5+ Kg3 68. Re5 Rf8 69. Re3+ Kg2 70. Re2+ Kg3 71. Re8 Rxf7 72. Kxf7 h3 73. Rg8+ Kf3 74. Rh8 Kg2 75. Rxh3 Kxh3 1/2-1/2

[Event "2BLO 2223 SC Garching - Nickelhuette Au"]
[Site "Augsburg"]
[Date "2022.10.22"]
[Round "1.7"]
[White "Cerveny, Martin"]
[Black "Schmitz, Thorsten"]
[Result "1-0"]
[WhiteElo "2404"]
[BlackElo "2252"]
[PlyCount "173"]
[EventDate "2022.??.??"]

1. d4 d5 2. c4 e6 3. Nc3 h6 4. cxd5 exd5 5. Bf4 Nf6 6. e3 Bd6 7. Bg3 O-O 8. Bd3 c5 9. Bxd6 Qxd6 10. Nb5 Qb6 11. dxc5 Qxc5 12. Rc1 Qb4+ 13. Qd2 Nc6 14. Qxb4 Nxb4 15. Bb1 Bd7 16. Nd4 Rfc8 17. Rxc8+ Rxc8 18. Nge2 Kf8 19. f3 Nc6 20. Kf2 Nxd4 21. Nxd4 Ke7 22. g4 g6 23. h4 h5 24. g5 Ne8 25. Rd1 Nd6 26. Ne2 Bf5 27. Nc3 Bxb1 28. Rxb1 Ke6 29. Rd1 Nf5 30. e4 dxe4 31. fxe4 Nd6 32. Kf3 Nc4 33. Ne2 Ne5+ 34. Kf4 Nc6 35. Rd5 a6 36. a3 Ke7 37. b4 Rd8 38. Nc3 Rd7 39. b5 Nb8 40. Rc5 axb5 41. Nd5+ Kd6 42. Rxb5 Nc6 43. Nf6 Re7 44. a4 Na7 45. e5+ Kc6 46. Rb1 b5 47. Rc1+ Kb7 48. axb5 Nxb5 49. Ne4 Nd4 50. Nd6+ Ka8 51. Ke4 Ne6 52. Rc8+ Ka7 53. Kd5 Kb6 54. Rc6+ Ka5 55. Nxf7 Nf4+ 56. Ke4 Rxf7 57. Rf6 Rb7 58. Rxf4 Rb4+ 59. Kf3 Rb3+ 60. Kf2 Rb2+ 61. Kg3 Re2 62. Rf6 Rxe5 63. Rxg6 Re3+ 64. Kf4 Rh3 65. Rh6 Rxh4+ 66. Kf5 Rh1 67. g6 Rf1+ 68. Ke6 Re1+ 69. Kf6 Rf1+ 70. Kg5 Rg1+ 71. Kxh5 Kb5 72. Rh7 Kc6 73. Re7 Kd6 74. Re4 Kd5 75. Re2 Kd6 76. Kh6 Rh1+ 77. Kg7 Ra1 78. Kh7 Rh1+ 79. Kg8 Kd7 80. g7 Rh3 81. Re4 Rh1 82. Kf7 Rf1+ 83. Kg6 Rg1+ 84. Kf6 Kd6 85. Rd4+ Kc7 86. Rh4 Kd6 87. Rh5 1-0

[Event "2BLO 2223 SC Garching - Nickelhuette Au"]
[Site "Augsburg"]
[Date "2022.10.22"]
[Round "1.8"]
[White "Ruecker, Benjamin"]
[Black "Cerveny, Petr"]
[Result "1/2-1/2"]
[WhiteElo "2189"]
[BlackElo "2325"]
[PlyCount "36"]
[EventDate "2022.??.??"]

1. e4 c5 2. Nf3 d6 3. Bb5+ Nd7 4. O-O a6 5. Bd3 Ngf6 6. c3 e6 7. Bc2 Be7 8. d4 O-O 9. Re1 b5 10. a4 Bb7 11. Nbd2 cxd4 12. cxd4 Qc7 13. Bd3 bxa4 14. Qxa4 Rfc8 15. Qd1 a5 16. Qe2 Nf8 17. b3 Ng6 18. g3 Bf8 1/2-1/2

[Event "2BLO 2223 Erfurter SK - MSA Zugzwang"]
[Site "?"]
[Date "2022.10.23"]
[Round "2.1"]
[White "Bromberger, Stefan"]
[Black "Romanov, Evgeny"]
[Result "0-1"]
[WhiteElo "2479"]
[BlackElo "2593"]
[PlyCount "38"]
[EventDate "2022.??.??"]

1. e4 e6 2. d4 d5 3. Nc3 Bb4 4. e5 b6 5. Qg4 Bf8 6. Nf3 c5 7. Bg5 h5 8. Qg3 Qd7 9. Bb5 Nc6 10. dxc5 bxc5 11. O-O-O Qb7 12. Rhe1 Nh6 13. Rxd5 exd5 14. e6 Bxe6 15. Rxe6+ fxe6 16. Ne5 Nf5 17. Qd3 c4 18. Qd1 Rc8 19. Nxd5 Bd6 0-1

[Event "2BLO 2223 Erfurter SK - MSA Zugzwang"]
[Site "?"]
[Date "2022.10.23"]
[Round "2.2"]
[White "Votava, Jan"]
[Black "Shengelia, David"]
[Result "1/2-1/2"]
[WhiteElo "2474"]
[BlackElo "2460"]
[PlyCount "76"]
[EventDate "2022.??.??"]

1. d4 Nf6 2. c4 e6 3. Nf3 Bb4+ 4. Nbd2 O-O 5. a3 Bxd2+ 6. Qxd2 b6 7. e3 Bb7 8. Be2 a5 9. b3 d6 10. Bb2 Nbd7 11. O-O Qe7 12. Qc2 Be4 13. Qc3 h6 14. Ne1 Bh7 15. d5 exd5 16. cxd5 Qe5 17. Bc4 Qxc3 18. Bxc3 Ne5 19. Nf3 Nxc4 20. bxc4 Ne4 21. Rfc1 Nc5 22. Nd4 a4 23. Ra2 Rfe8 24. Nb5 Re7 25. Bd4 Nb3 26. Rd1 Na5 27. Rb2 f6 28. h3 Bg6 29. g4 Nxc4 30. Rb4 Be8 31. Rxc4 Bxb5 32. Rc3 Be2 33. Rdc1 Ra7 34. Kg2 Rb7 35. f3 b5 36. Rb1 b4 37. Rxb4 Rxb4 38. axb4 Bb5 1/2-1/2

[Event "2BLO 2223 Erfurter SK - MSA Zugzwang"]
[Site "?"]
[Date "2022.10.23"]
[Round "2.3"]
[White "Baidetskyi, Valentin"]
[Black "Haba, Petr"]
[Result "1/2-1/2"]
[WhiteElo "2456"]
[BlackElo "2454"]
[PlyCount "66"]
[EventDate "2022.??.??"]

1. e4 e6 2. d4 d5 3. e5 c5 4. c3 Nc6 5. Nf3 Bd7 6. Bd3 cxd4 7. cxd4 Qb6 8. O-O Nxd4 9. Nxd4 Qxd4 10. Nc3 a6 11. Qe2 Ne7 12. Kh1 Nc6 13. f4 Nb4 14. Rd1 Nxd3 15. Rxd3 Qc4 16. b3 Qc7 17. Bb2 Bc6 18. Rc1 Be7 19. f5 Bg5 20. Rcd1 O-O-O 21. Qg4 Qe7 22. Ba3 Qxa3 23. Qxg5 g6 24. fxe6 fxe6 25. Qg4 Qe7 26. Nxd5 Rxd5 27. Rxd5 h5 28. Qh3 Bxd5 29. Rxd5 Kb8 30. Rd1 Rd8 31. Rf1 Rd5 32. Qg3 g5 33. h3 Qd8 1/2-1/2

[Event "2BLO 2223 Erfurter SK - MSA Zugzwang"]
[Site "?"]
[Date "2022.10.23"]
[Round "2.4"]
[White "Weishaeutel, Moritz"]
[Black "Kindermann, Stefan"]
[Result "1-0"]
[WhiteElo "2401"]
[BlackElo "2465"]
[PlyCount "41"]
[EventDate "2022.??.??"]

1. d4 d5 2. c4 e6 3. Nc3 a6 4. cxd5 exd5 5. Bf4 c6 6. e3 Bd6 7. Bxd6 Qxd6 8. Bd3 Ne7 9. Qc2 Nd7 10. Nge2 Nf6 11. O-O Ng4 12. Ng3 h5 13. e4 dxe4 14. Ncxe4 Qf4 15. Qc5 Rh6 16. h4 Bf5 17. Rae1 Re6 18. Nd6+ Rxd6 19. Rxe7+ Kxe7 20. Nxf5+ Kd7 21. g3 1-0

[Event "2BLO 2223 Erfurter SK - MSA Zugzwang"]
[Site "?"]
[Date "2022.10.23"]
[Round "2.5"]
[White "Hertneck, Gerald"]
[Black "Enders, Peter"]
[Result "1-0"]
[WhiteElo "2465"]
[BlackElo "2424"]
[PlyCount "129"]
[EventDate "2022.??.??"]

1. d4 Nf6 2. c4 g6 3. Nc3 Bg7 4. e4 d6 5. Nf3 O-O 6. Be2 Nbd7 7. O-O e5 8. Qc2 c6 9. Rd1 Qe7 10. d5 cxd5 11. cxd5 Ne8 12. Bg5 Ndf6 13. Nd2 h6 14. Bh4 g5 15. Bg3 h5 16. f3 h4 17. Bf2 Nh5 18. Nc4 Nf4 19. Ne3 Nxe2+ 20. Nxe2 Nf6 21. Rac1 Re8 22. Qc7 Bf8 23. g3 Qxc7 24. Rxc7 g4 25. fxg4 h3 26. Nc3 b6 27. g5 Nh7 28. Nf5 Nxg5 29. Be3 Nf3+ 30. Kf2 Nxh2 31. Rh1 Ng4+ 32. Kf3 Nxe3 33. Kxe3 Ba6 34. Rxh3 Rec8 35. Rd7 Rd8 36. Rxd8 Rxd8 37. a4 Bc8 38. Rh1 a6 39. Ra1 Bd7 40. Ra3 Kh7 41. Rb3 Rb8 42. a5 b5 43. Na2 Kg6 44. g4 Bh6+ 45. Kd3 Bg5 46. Nb4 Rh8 47. Nxa6 Bd8 48. Nb8 Bxf5 49. gxf5+ Kg5 50. Nc6 Bxa5 51. Nxa5 Kf4 52. Rb4 Rh3+ 53. Kc2 Rh2+ 54. Kb3 Rh3+ 55. Ka2 Rh6 56. Nb7 Ke3 57. Nd8 Rh7 58. f6 Rh6 59. Nxf7 Rxf6 60. Ng5 Rg6 61. Ne6 Rg4 62. Rxb5 Rxe4 63. Rb6 Rc4 64. Rxd6 e4 65. Rc6 1-0

[Event "2BLO 2223 Erfurter SK - MSA Zugzwang"]
[Site "?"]
[Date "2022.10.23"]
[Round "2.6"]
[White "Voekler, Bernd"]
[Black "Zysk, Robert"]
[Result "1/2-1/2"]
[WhiteElo "2343"]
[BlackElo "2400"]
[PlyCount "35"]
[EventDate "2022.??.??"]

1. e4 e6 2. d4 d5 3. Nc3 Nf6 4. e5 Nfd7 5. f4 c5 6. Nf3 Nc6 7. Be3 Be7 8. Qd2 b6 9. g3 Bb7 10. h4 a6 11. a3 Qc7 12. Ne2 cxd4 13. Nfxd4 Nc5 14. Bg2 O-O 15. Nxc6 Bxc6 16. Nd4 Bb7 17. O-O Ne4 18. Bxe4 1/2-1/2

[Event "2BLO 2223 Erfurter SK - MSA Zugzwang"]
[Site "?"]
[Date "2022.10.23"]
[Round "2.7"]
[White "Hoffmeyer, Falk"]
[Black "Casper, Thomas"]
[Result "1/2-1/2"]
[WhiteElo "2325"]
[BlackElo "2349"]
[PlyCount "76"]
[EventDate "2022.??.??"]

1. d4 Nf6 2. Nf3 g6 3. Bg5 Bg7 4. Nbd2 d6 5. e4 O-O 6. c3 Nbd7 7. Be2 e5 8. dxe5 dxe5 9. h3 b6 10. O-O Bb7 11. Qc2 h6 12. Be3 Qe7 13. b4 Rfd8 14. Rfd1 Ne8 15. Nc4 Ndf6 16. Rxd8 Rxd8 17. Nfd2 Nd6 18. Nxd6 Qxd6 19. a4 Nh5 20. a5 Nf4 21. Bf1 Bc8 22. axb6 axb6 23. Nc4 Qc6 24. Ra7 Be6 25. b5 Qd7 26. Nb2 Qd6 27. c4 Bf8 28. c5 bxc5 29. Kh2 Bc8 30. Qa4 Ne6 31. Be2 Nd4 32. Nc4 Qf6 33. Bf1 Bd7 34. Rb7 Kg7 35. Qa5 Rc8 36. Na3 Bd6 37. Nc4 Bf8 38. Na3 Bd6 1/2-1/2

[Event "2BLO 2223 Erfurter SK - MSA Zugzwang"]
[Site "?"]
[Date "2022.10.23"]
[Round "2.8"]
[White "Krueger, Rainer"]
[Black "Gerigk, Erasmus"]
[Result "0-1"]
[WhiteElo "2154"]
[BlackElo "2318"]
[PlyCount "48"]
[EventDate "2022.??.??"]

1. Nf3 d5 2. c4 e6 3. d4 Nf6 4. Nc3 dxc4 5. e3 a6 6. a4 c5 7. Bxc4 Nc6 8. O-O Be7 9. Qd3 cxd4 10. exd4 Nb4 11. Qe2 b6 12. Rd1 Bb7 13. Ne5 Nfd5 14. Ne4 O-O 15. Qh5 f6 16. Ra3 Qe8 17. Qxe8 Rfxe8 18. Nf3 Rac8 19. Be2 Nc2 20. Rb3 Na1 21. Ra3 Bxa3 22. bxa3 Red8 23. Bd2 Nb3 24. Bb4 Nxb4 0-1

[Event "2BLO 2223 SC NT Nürnberg - FC Bayern M"]
[Site "?"]
[Date "2022.10.23"]
[Round "2.1"]
[White "Fedorovsky, Michael"]
[Black "Milov, Leonid"]
[Result "1/2-1/2"]
[WhiteElo "2410"]
[BlackElo "2433"]
[PlyCount "43"]
[EventDate "2022.??.??"]

1. d4 f5 2. g3 Nf6 3. Bg2 d6 4. d5 c6 5. c4 e5 6. dxe6 Bxe6 7. Nf3 Bxc4 8. O-O g6 9. Bf4 Bf7 10. Nc3 d5 11. Rc1 Nbd7 12. Qd2 Qe7 13. b4 a6 14. a4 Bg7 15. b5 O-O 16. bxc6 bxc6 17. Nd4 Rac8 18. Nxc6 Rxc6 19. Nxd5 Nxd5 20. Rxc6 Nxf4 21. gxf4 Nf6 22. Rxa6 1/2-1/2

[Event "2BLO 2223 SC NT Nürnberg - FC Bayern M"]
[Site "?"]
[Date "2022.10.23"]
[Round "2.2"]
[White "Yelisieiev, Yevhenii"]
[Black "Belezky, Alexander"]
[Result "1-0"]
[WhiteElo "2398"]
[BlackElo "2346"]
[PlyCount "83"]
[EventDate "2022.??.??"]

1. d4 Nf6 2. Nf3 e6 3. c4 Bb4+ 4. Nbd2 b6 5. a3 Bxd2+ 6. Qxd2 Bb7 7. e3 a5 8. Be2 d6 9. b3 Nbd7 10. Bb2 Ra7 11. O-O Qa8 12. Rfd1 O-O 13. Ne1 Re8 14. f3 d5 15. Rac1 e5 16. dxe5 Nxe5 17. Nd3 Ned7 18. c5 b5 19. Bd4 c6 20. Nf2 a4 21. b4 Ba6 22. Qc3 Re7 23. g4 h6 24. h4 Qb8 25. f4 Ne8 26. g5 hxg5 27. hxg5 f6 28. Nh3 Bc8 29. Kf2 Nf8 30. Rh1 Bxh3 31. gxf6 Nxf6 32. Bxf6 gxf6 33. Rxh3 Nh7 34. Bd3 Qf8 35. Rg1+ Kh8 36. Rg6 Rf7 37. Bf5 Rae7 38. Qd4 Re8 39. Rgh6 Ree7 40. Bxh7 Rxh7 41. Rxf6 Qg7 42. Rf8# 1-0

[Event "2BLO 2223 SC NT Nürnberg - FC Bayern M"]
[Site "?"]
[Date "2022.10.23"]
[Round "2.4"]
[White "Promyshlyanskiy, Vitaliy"]
[Black "Unzicker, Ferdinand"]
[Result "1/2-1/2"]
[WhiteElo "2259"]
[BlackElo "2325"]
[PlyCount "38"]
[EventDate "2022.??.??"]

1. e4 c5 2. Nc3 Nc6 3. Bb5 Nd4 4. Bc4 e6 5. Nge2 Nf6 6. O-O b5 7. Nxd4 bxc4 8. Nf3 Be7 9. Qe2 O-O 10. Qxc4 d5 11. Qe2 dxe4 12. Nxe4 Nxe4 13. Qxe4 Rb8 14. b3 Bb7 15. Qe3 Bf6 16. Rb1 Qa5 17. Bb2 Bxb2 18. Rxb2 Bxf3 19. Qxf3 Qxd2 1/2-1/2

[Event "2BLO 2223 SC NT Nürnberg - FC Bayern M"]
[Site "?"]
[Date "2022.10.23"]
[Round "2.5"]
[White "Hoeglauer, Patrick"]
[Black "Kochiev, Ivan"]
[Result "1/2-1/2"]
[WhiteElo "2263"]
[BlackElo "2030"]
[PlyCount "88"]
[EventDate "2022.??.??"]

1. d4 Nf6 2. c4 e6 3. Nf3 c5 4. d5 exd5 5. cxd5 d6 6. Nc3 g6 7. Bf4 a6 8. a4 Qe7 9. e3 Bg7 10. Be2 Bg4 11. Nd2 Nh5 12. Bxg4 Nxf4 13. Nc4 Nxg2+ 14. Kf1 Nh4 15. Nb6 Qd8 16. Nxa8 f5 17. Qb3 fxg4 18. Qb6 Nd7 19. Nc7+ Ke7 20. Qxb7 Qf8 21. Rg1 Qf3 22. Qb3 Rf8 23. Nd1 Be5 24. Qc4 h5 25. Ne6 Qh3+ 26. Ke2 Rb8 27. Qe4 Nf6 28. Qh1 Nf3 29. Rf1 Rb3 30. Ra3 Rxa3 31. bxa3 c4 32. a5 Nxd5 33. Ng5 Nf4+ 34. exf4 Nd4+ 35. Ke1 Nc2+ 36. Kd2 Qd3+ 37. Kc1 Bxf4+ 38. Ne3 Bxg5 39. Qb7+ Kf8 40. Rd1 Qc3 41. Qb8+ Kf7 42. Qb7+ Kf8 43. Qb8+ Kf7 44. Qb7+ Kf8 1/2-1/2

[Event "2BLO 2223 SC NT Nürnberg - FC Bayern M"]
[Site "?"]
[Date "2022.10.23"]
[Round "2.6"]
[White "Heimrath, Reiner"]
[Black "Rodewis, Thomas"]
[Result "1/2-1/2"]
[WhiteElo "2187"]
[BlackElo "2352"]
[PlyCount "174"]
[EventDate "2022.??.??"]

1. e4 c5 2. Nc3 Nc6 3. d3 g6 4. Be3 d6 5. d4 cxd4 6. Bxd4 Nf6 7. Nd5 Nxd4 8. Nxf6+ exf6 9. Qxd4 Be7 10. Bb5+ Kf8 11. Ne2 Qa5+ 12. Nc3 Be6 13. O-O Rc8 14. Be2 Qc5 15. Rfd1 a6 16. Rac1 Kg7 17. Nd5 Bd8 18. c4 Re8 19. Bf3 Bxd5 20. Qxd5 Bb6 21. Qd2 a5 22. Qc2 Qc7 23. a3 Ra8 24. b3 Qe7 25. Rd5 Bc7 26. g3 Red8 27. Bg2 Rab8 28. Rcd1 Qf8 29. R1d3 Re8 30. Qd2 Re5 31. h3 Rbe8 32. Kh2 Rxd5 33. Rxd5 Re5 34. Rd4 Qb8 35. f4 Re7 36. Rd5 Qa7 37. Rb5 h5 38. h4 Qb8 39. Qd5 b6 40. Qd4 Qe8 41. Rd5 Qb8 42. Bf3 Re8 43. Kg2 Qd8 44. Rb5 Rh8 45. Qd5 Re8 46. Qc6 Re6 47. Qd5 Re8 48. Qd1 Qe7 49. Rd5 Rd8 50. Rd2 Qf8 51. Qa1 Qe7 52. Rd5 Rh8 53. b4 Rb8 54. Qb2 Rd8 55. Qd2 Rb8 56. Kh2 Rd8 57. Bg2 Kg8 58. Qd1 Kg7 59. Qa4 Kg8 60. Qc6 Kg7 61. Rb5 Rb8 62. Bh3 Kf8 63. Bd7 Qd8 64. Rd5 axb4 65. axb4 Ra8 66. Rd2 Ra7 67. c5 dxc5 68. bxc5 Ra5 69. cxb6 Bxb6 70. Rd6 Bc5 71. Rd2 Bb4 72. Rb2 Qe7 73. Bh3 Rc5 74. Qa8+ Kg7 75. Bg2 Rc1 76. Qd5 Bc5 77. Rb7 Bg1+ 78. Kh3 Rc7 79. Rxc7 Qxc7 80. Qd1 Qc8+ 81. f5 Ba7 82. Qf3 Bb8 83. Bf1 Qc7 84. Be2 Qe5 85. Kg2 g5 86. hxg5 fxg5 87. f6+ Qxf6 1/2-1/2

[Event "2BLO 2223 SC NT Nürnberg - FC Bayern M"]
[Site "?"]
[Date "2022.10.23"]
[Round "2.7"]
[White "Mai, Philipp"]
[Black "Braun, Michael"]
[Result "1-0"]
[WhiteElo "2307"]
[BlackElo "2083"]
[PlyCount "77"]
[EventDate "2022.??.??"]

1. e4 c5 2. Nf3 d6 3. d4 cxd4 4. Nxd4 Nf6 5. Nc3 a6 6. Be3 e5 7. Nb3 Be7 8. h3 h5 9. Qf3 Be6 10. O-O-O Nbd7 11. Nd5 Bxd5 12. exd5 Qc7 13. Kb1 Nb6 14. Bxb6 Qxb6 15. Bd3 Nd7 16. g4 h4 17. Bf5 Nc5 18. Nxc5 Qxc5 19. Rd3 Bg5 20. Bd7+ Ke7 21. Qf5 Bf4 22. Ba4 Qc8 23. Qe4 Qd8 24. Re1 Kf8 25. Rf3 Rc8 26. c3 g6 27. Rxf4 exf4 28. Qd4 Kg8 29. Re8+ Qxe8 30. Bxe8 Rxe8 31. Qxf4 Re5 32. c4 Kg7 33. g5 Rhe8 34. Qf6+ Kg8 35. Qxd6 Re1+ 36. Kc2 R8e2+ 37. Kb3 Rb1 38. Qd8+ Kh7 39. Qf6 1-0

[Event "2BLO 2223 SC NT Nürnberg - FC Bayern M"]
[Site "?"]
[Date "2022.10.23"]
[Round "2.8"]
[White "Krauss, Hermann"]
[Black "Schenk, Andreas"]
[Result "1/2-1/2"]
[WhiteElo "2120"]
[BlackElo "2413"]
[PlyCount "52"]
[EventDate "2022.??.??"]

1. c4 Nf6 2. Nc3 e6 3. b3 d5 4. e3 c5 5. Nf3 d4 6. Ne2 Nc6 7. Ng3 e5 8. d3 h6 9. e4 g6 10. Be2 Bg7 11. h4 h5 12. Ng5 Ng4 13. Nf1 Bd7 14. f3 Nf6 15. g3 Qe7 16. Nh2 Ng8 17. f4 f6 18. Ngf3 Nh6 19. fxe5 fxe5 20. Ng5 O-O-O 21. O-O Rdf8 22. Bd2 Nf7 23. Nhf3 Nxg5 24. Nxg5 Rxf1+ 25. Qxf1 Rf8 26. Qe1 Bf6 1/2-1/2

[Event "2BLO 2223 SK Passau - SC Bavaria Regens"]
[Site "?"]
[Date "2022.10.23"]
[Round "2.1"]
[White "Stocek, Jiri"]
[Black "Roganovic, Milos"]
[Result "1/2-1/2"]
[WhiteElo "2559"]
[BlackElo "2487"]
[PlyCount "81"]
[EventDate "2022.??.??"]

1. d4 Nf6 2. c4 g6 3. Nc3 d5 4. cxd5 Nxd5 5. e4 Nxc3 6. bxc3 c5 7. Nf3 Bg7 8. Be3 Qa5 9. Nd2 O-O 10. Be2 cxd4 11. cxd4 f5 12. exf5 Qxf5 13. O-O Nc6 14. Bc4+ Be6 15. Qb3 Bxc4 16. Qxc4+ Qf7 17. Qxf7+ Rxf7 18. Rab1 e6 19. Nf3 Rd8 20. Rfd1 Rfd7 21. g3 Nxd4 22. Nxd4 Bxd4 23. Bxd4 e5 24. Rd3 exd4 25. Rb4 Kf7 26. Kg2 b6 27. f4 h5 28. Kf3 Kf6 29. a4 g5 30. h3 gxf4 31. Kxf4 Rd5 32. g4 Ke6 33. Ke4 Re5+ 34. Kf3 Red5 35. Ke4 hxg4 36. hxg4 Rg8 37. Kf4 Rf8+ 38. Ke4 Rg8 39. Kf4 Rf8+ 40. Ke4 Rg8 41. Kf4 1/2-1/2

[Event "2BLO 2223 SK Passau - SC Bavaria Regens"]
[Site "?"]
[Date "2022.10.23"]
[Round "2.2"]
[White "Diermair, Andreas"]
[Black "Kaczur, Florian"]
[Result "1/2-1/2"]
[WhiteElo "2455"]
[BlackElo "2483"]
[PlyCount "56"]
[EventDate "2022.??.??"]

1. d4 Nf6 2. c4 e6 3. Nf3 d5 4. Nc3 Bb4 5. cxd5 exd5 6. Bg5 h6 7. Bh4 g5 8. Bg3 Ne4 9. Nd2 Nxg3 10. hxg3 Be6 11. Qa4+ Nc6 12. e3 a6 13. a3 Bd6 14. Qc2 Qd7 15. Nb3 Ne7 16. Bd3 O-O-O 17. O-O-O f5 18. Na5 c6 19. Na4 Qc7 20. Nb3 Kb8 21. Nac5 Bc8 22. Kb1 Ka7 23. Rc1 b6 24. Na4 Rdf8 25. Nd2 Qd7 26. Nf3 Bb7 27. Qb3 Nc8 28. Ka1 Qe7 1/2-1/2

[Event "2BLO 2223 SK Passau - SC Bavaria Regens"]
[Site "?"]
[Date "2022.10.23"]
[Round "2.3"]
[White "Lutsko, Artem"]
[Black "Schwabeneder, Florian"]
[Result "1/2-1/2"]
[WhiteElo "2442"]
[BlackElo "2414"]
[PlyCount "87"]
[EventDate "2022.??.??"]

1. e4 e6 2. d4 d5 3. Nc3 Be7 4. Nf3 Nf6 5. Bd3 c5 6. exd5 exd5 7. dxc5 Bxc5 8. O-O O-O 9. Bg5 Be6 10. Ne2 h6 11. Bh4 Nc6 12. Nf4 Bg4 13. h3 Bxf3 14. Qxf3 Ne5 15. Qe2 Nxd3 16. Nxd3 Bb6 17. Qf3 g5 18. Bg3 Rc8 19. c3 Ne4 20. Rad1 a5 21. Ne1 Re8 22. Nc2 Qf6 23. Qxf6 Nxf6 24. Rfe1 Ne4 25. Kf1 Rc6 26. Rd3 Rce6 27. Red1 f5 28. Nd4 Bxd4 29. Rxd4 f4 30. Bh2 Nf6 31. f3 b5 32. Bg1 Kf7 33. R4d2 a4 34. Bd4 Nh5 35. Bf2 Nf6 36. Rd4 Rc6 37. Rb4 Rb8 38. Bd4 Nd7 39. Bf2 Nf6 40. g3 fxg3 41. Bxg3 Rbb6 42. Be5 Rc4 43. Bxf6 Rxb4 44. Bd4 1/2-1/2

[Event "2BLO 2223 SK Passau - SC Bavaria Regens"]
[Site "?"]
[Date "2022.10.23"]
[Round "2.4"]
[White "Leisch, Lukas"]
[Black "Pezelj, Novak"]
[Result "1/2-1/2"]
[WhiteElo "2397"]
[BlackElo "2496"]
[PlyCount "127"]
[EventDate "2022.??.??"]

1. d4 g6 2. c4 Bg7 3. g3 c5 4. d5 d6 5. Bg2 Nd7 6. Nf3 Ngf6 7. Nc3 O-O 8. O-O a6 9. a4 Rb8 10. a5 b5 11. axb6 Rxb6 12. Qc2 Qc7 13. Nd2 e6 14. b3 Rb8 15. Bb2 Bb7 16. e4 Rbe8 17. h3 e5 18. Nd1 Bh6 19. Bc3 Nh5 20. Ba5 Qc8 21. Bf3 Ng7 22. Nb2 f5 23. Kh2 Nf6 24. Rae1 Qd7 25. b4 cxb4 26. Bxb4 Bxd2 27. Qxd2 fxe4 28. Bxe4 Nxe4 29. Rxe4 Nf5 30. Bc3 Bc8 31. Rg4 Rf6 32. Kg1 Qa7 33. Nd3 Ng7 34. Rh4 Nf5 35. Rg4 Ng7 36. Rh4 g5 37. Qxg5 Rg6 38. Qd2 Nf5 39. Rg4 Nxg3 40. Rxg6+ hxg6 41. Re1 Bf5 42. Qe3 Qxe3 43. Rxe3 Ne4 44. Bb4 Rc8 45. f3 Nf6 46. Bxd6 Rxc4 47. Nxe5 Rc1+ 48. Kf2 Nxd5 49. Ra3 Nf4 50. Ng4 Nxh3+ 51. Kg3 Rc6 52. Nh6+ Kh7 53. Nxf5 gxf5 54. Kxh3 Rxd6 55. Kg3 Kg6 56. Kf4 Rb6 57. Ra5 Rc6 58. Ra4 Rd6 59. Ra3 Rd4+ 60. Ke5 Rb4 61. Rxa6+ Kg5 62. f4+ Rxf4 63. Rg6+ Kxg6 64. Kxf4 1/2-1/2

[Event "2BLO 2223 SK Passau - SC Bavaria Regens"]
[Site "?"]
[Date "2022.10.23"]
[Round "2.5"]
[White "Kilgus, Georg"]
[Black "Schreiner, Peter"]
[Result "1/2-1/2"]
[WhiteElo "2397"]
[BlackElo "2404"]
[PlyCount "40"]
[EventDate "2022.??.??"]

1. e4 e5 2. Nf3 Nc6 3. Bc4 Nf6 4. d3 Be7 5. O-O O-O 6. Nc3 d6 7. a4 Na5 8. Ba2 c5 9. Bg5 Nc6 10. Bxf6 Bxf6 11. Nd5 Be6 12. c3 g6 13. h3 Bg7 14. Qe2 Ne7 15. Nxe7+ Qxe7 16. a5 h6 17. Rfb1 Rfc8 18. Bxe6 Qxe6 19. c4 Bf6 20. b4 cxb4 1/2-1/2

[Event "2BLO 2223 SK Passau - SC Bavaria Regens"]
[Site "?"]
[Date "2022.10.23"]
[Round "2.6"]
[White "Postlmayer, Jakob"]
[Black "Goldbeck, Lars"]
[Result "1-0"]
[WhiteElo "2282"]
[BlackElo "2272"]
[PlyCount "113"]
[EventDate "2022.??.??"]

1. d4 d5 2. c4 e6 3. Nf3 Nf6 4. Nc3 a6 5. c5 b6 6. cxb6 c5 7. Bf4 Bd6 8. Bxd6 Qxd6 9. dxc5 Qxc5 10. Qd4 Qd6 11. e3 Nc6 12. Qa4 O-O 13. Rc1 Bd7 14. Be2 Rfb8 15. O-O Rxb6 16. b3 e5 17. Rfd1 h6 18. h3 Re8 19. Qh4 Ne7 20. Qg3 Ng6 21. Nh4 Nxh4 22. Qxh4 Rb4 23. Qg3 Be6 24. Bf3 Rd8 25. Na4 Bf5 26. Nc5 Rb5 27. Nxa6 Qxa6 28. Be2 Qa5 29. Bxb5 Qxb5 30. Qxe5 Be4 31. Rd2 Qa5 32. Qc3 Qa8 33. f3 Bf5 34. a4 Re8 35. Qd4 Rb8 36. Rc3 Qa5 37. Rc5 Qb6 38. Rb5 Qc7 39. Rxb8+ Qxb8 40. b4 Qc7 41. b5 Qc1+ 42. Rd1 Qa3 43. Ra1 Qb3 44. a5 Qxb5 45. a6 Bd7 46. a7 Bc6 47. Qe5 Qd3 48. Kh1 Kh7 49. Qc7 Ba8 50. Qc8 Qxe3 51. Qxa8 Qe5 52. Rb1 Nh5 53. Qb8 Ng3+ 54. Kh2 Nf1+ 55. Kg1 Qe3+ 56. Kxf1 Qd3+ 57. Kg1 1-0